The New Radicals (Record no. 184909)
[ view plain ]
| 000 -LEADER | |
|---|---|
| fixed length control field | 00810 a2200169 4500 |
| 003 - CONTROL NUMBER IDENTIFIER | |
| control field | Nust |
| 005 - DATE AND TIME OF LATEST TRANSACTION | |
| control field | 20221220093157.0 |
| 040 ## - CATALOGING SOURCE | |
| Transcribing agency | Nust |
| 082 ## - DEWEY DECIMAL CLASSIFICATION NUMBER | |
| Classification number | 320.53,JAC |
| 100 ## - MAIN ENTRY--PERSONAL NAME | |
| Personal name | Jacobs , Paul |
| 9 (RLIN) | 105254 |
| 245 ## - TITLE STATEMENT | |
| Title | The New Radicals |
| Remainder of title | A Report with Documents / |
| Statement of responsibility, etc. | Paul Jacobs |
| 260 ## - PUBLICATION, DISTRIBUTION, ETC. | |
| Name of publisher, distributor, etc. | Penguin Books |
| 300 ## - PHYSICAL DESCRIPTION | |
| Extent | 330 p; |
| 505 ## - FORMATTED CONTENTS NOTE | |
| Formatted contents note | The Movements Themes (Page-13), The Movement Origins (Page-17), SNCC one Man One Vote (Page-24), Students for a Democratic Society (Page-36),The Leftovers (Page-51), The Violet Against Liberal (Page-67), The Vietnam Anti War Campaign (Page-73), Community Organization (Page-78), Ideology Communism and Coalition (Page82-), Conclusion (Page-89), The Documents (Page-93), Chronology of Events (Page-319). |
| 650 ## - SUBJECT ADDED ENTRY--TOPICAL TERM | |
| Topical term or geographic name entry element | New Radicals |
| 9 (RLIN) | 105255 |
| 942 ## - ADDED ENTRY ELEMENTS (KOHA) | |
| Source of classification or shelving scheme | |
| Koha item type | Book |
| Call number prefix | 320.53,JAC |
| Withdrawn status | Lost status | Source of classification or shelving scheme | Damaged status | Not for loan | Permanent Location | Current Location | Shelving location | Date acquired | Full call number | Barcode | Date last seen | Price effective from | Koha item type | Public note |
|---|---|---|---|---|---|---|---|---|---|---|---|---|---|---|
| Military College of Signals (MCS) | Military College of Signals (MCS) | General Stacks | 12/12/2016 | 320.53,JAC | MCS30016 | 12/08/2016 | 12/12/2016 | Book | Almirah No.49, Shelf No.4 |
